| 000 | 00825cam a2200253 a 4500 | ||
|---|---|---|---|
| 001 | 000019488 | ||
| 005 | 20200929170032.0 | ||
| 008 | 840120s1954 ag 001 f spa d | ||
| 040 |
_aDO-SdBNP _cCarP _dDLC _dBNPHU |
||
| 082 |
_a843.912 _bL618m, 1954 |
||
| 100 | 1 |
_aLeroux, Gastón, _d1868-1927. _941853 |
|
| 245 | 1 | 3 |
_aLa muñeca sangrienta / _cLeroux Gastón ; traducción de Francisco Almela y Vives. |
| 250 | _a3a ed. | ||
| 260 |
_aBuenos Aires : _bEspasa-Calpe, _c1954. |
||
| 300 |
_a143, [12] p. ; _c18 cm. |
||
| 490 | 1 |
_aAustral _v378 |
|
| 500 | _aIncluye índice de autores. | ||
| 650 | 4 |
_aNovela francesa _91075 |
|
| 650 | 4 |
_aLiteratura francesa _ySIGLO XX _94232 |
|
| 700 | 1 |
_aAlmela y Vives, Francisco, _etr. _914253 |
|
| 830 | 0 |
_aAustral ; _v378 _93065 |
|
| 910 | _aCatalogación derivada / LC | ||
| 049 | _aBNGR | ||
| 999 |
_c19004 _d19004 |
||